| 000 | 01286nam a22002657a 4500 | ||
|---|---|---|---|
| 005 | 20250428150642.0 | ||
| 008 | 250428b |||||||| |||| 00| 0 eng d | ||
| 020 | _a978-81-263-4079-8 (hbk) | ||
| 037 | _cTB | ||
| 040 |
_aCRL _cCRL |
||
| 041 |
_2hin _ahin _hassam |
||
| 084 |
_aO158,3N43,1 152M5;Q2 _qCRL |
||
| 100 |
_aगोस्वामी, इन्दिरा _9753323 |
||
| 245 | _aनीलकंठी ब्रज | ||
| 250 | _aसंस्करण 2 | ||
| 260 |
_aनयी दिल्ली, भारत: _bभारतीय ज्ञानपीठ, _c2012. |
||
| 300 | _a121पृ0 | ||
| 365 |
_b140.00 _cINR |
||
| 490 |
_aराष्ट्भारती लोकोदय ग्रंथमाला. (संपादक) रवीन्द्र कालिया _vग्रंथनाक 1054 |
||
| 546 | _aTranslated from Assamess to Hindi | ||
| 650 |
_aअसमी कहानी _9753324 |
||
| 650 |
_aअसमी साहित्य _9753325 |
||
| 942 |
_2CC _cTB _hO158,3N43,1 152M5;Q2 _n0 _eसंस्करण 2 |
||
| 999 |
_c1309676 _d1309676 |
||